[Event "Gibraltar Masters 2019"]
[Site "Caleta ENG"]
[Date "2019.01.28"]
[Round "7.32"]
[White "Vaibhav,S"]
[Black "Haldorsen,Benjamin"]
[Result "1-0"]
[WhiteElo "2590"]
[BlackElo "2454"]

1.e4 c5 2.Nf3 e6 3.d4 cxd4 4.Nxd4 Nc6 5.Nc3 Qc7 6.Be3 a6 7.a3 b5 8.Nxc6 Qxc6
9.Be2 Bb7 10.O-O Rc8 11.Qd3 Nf6 12.Rfd1 Qc7 13.Bf3 h6 14.Rac1 d6 15.Bf4 e5
16.Be3 Be7 17.a4 b4 18.Nd5 Nxd5 19.exd5 O-O 20.Bg4 Rb8 21.c3 bxc3 22.Rxc3 Qa5
23.Rc4 Bc8 24.Bd2 Qb6 25.b4 f5 26.Rc6 Qd8 27.Be2 Bg5 28.Bc3 Rf7 29.Qc2 Ra7
30.Bc4 Kh7 31.a5 Rc7 32.Be1 Rxc6 33.dxc6 Qc7 34.g3 Kh8 35.Bd5 Rb5 36.Qc4 g6
37.f4 Bf6 38.Bf2 Kg7 39.Kg2 h5 40.h4 exf4 41.gxf4 Kh6 42.Re1 Qd8 43.Kh3  1-0

[Event "Gibraltar Masters 2019"]
[Site "Caleta ENG"]
[Date "2019.01.28"]
[Round "7.11"]
[White "Svane,R"]
[Black "Edouard,R"]
[Result "1-0"]
[WhiteElo "2594"]
[BlackElo "2643"]

1.d4 Nf6 2.c4 e6 3.Nf3 d5 4.Nc3 c5 5.cxd5 Nxd5 6.e4 Nxc3 7.bxc3 cxd4 8.cxd4 Bb4+
9.Bd2 Bxd2+ 10.Qxd2 O-O 11.Rc1 b6 12.Bd3 Ba6 13.O-O Qd7 14.Rfd1 Bxd3 15.Qxd3 Qb7
16.d5 exd5 17.exd5 Nd7 18.Ng5 Nf6 19.Rc6 h6 20.Rxf6 hxg5 21.Rf5 f6 22.d6 Qd7
23.h4 gxh4 24.Rh5 Qe6 25.Rxh4 f5 26.Qh3 Rad8 27.Rd3 Qe1+ 28.Kh2 Qe5+ 29.f4 Qf6
30.Re3 g6 31.Re7 Rf7 32.Re6 Qg7 33.Rxg6 Qxg6 34.Rh8+ Kg7 35.Rxd8 Qh7 36.Qxh7+ Kxh7
37.d7  1-0

[Event "Gibraltar Masters 2019"]
[Site "Caleta ENG"]
[Date "2019.01.29"]
[Round "8.103"]
[White "Villar,Ju"]
[Black "De Seroux,C"]
[Result "1/2-1/2"]
[WhiteElo "2237"]
[BlackElo "2145"]

1.d4 Nf6 2.Nf3 e6 3.g3 b5 4.Bg5 Bb7 5.e3 h6 6.Bxf6 Qxf6 7.Nbd2 g5 8.Bg2 Bg7
9.c3 O-O 10.a4 bxa4 11.Rxa4 d6 12.Qa1 a6 13.O-O Nd7 14.Ne1 Bxg2 15.Kxg2 Rfb8
16.Nd3 Qf5 17.Nb4 a5 18.Kg1 Qb5 19.b3 c5 20.c4 Qb7 21.Nc2 cxd4 22.Nxd4 g4
23.Rxa5 Nf6 24.Rxa8 Rxa8 25.Qb1 Nh7 26.Qe4 Qxe4 27.Nxe4 d5 28.cxd5 exd5 29.Nc3 Ng5
30.Nce2 Ra2 31.Rc1 Bxd4 32.Nxd4 Nh3+ 33.Kf1 Rxf2+ 34.Ke1 Rxh2 35.Rc5 Rh1+
36.Ke2 Rh2+ 37.Ke1 Rh1+ 38.Ke2 Rh2+ 39.Ke1  1/2-1/2

[Event "Gibraltar Masters 2019"]
[Site "Caleta ENG"]
[Date "2019.01.29"]
[Round "8.115"]
[White "Ramasindraibe,Girard"]
[Black "Francois-Haugrin,Said"]
[Result "1-0"]
[WhiteElo "2129"]
[BlackElo "1825"]

1.e4 c5 2.Nf3 Nc6 3.d4 cxd4 4.c3 dxc3 5.Nxc3 d6 6.Bc4 Nf6 7.h3 e6 8.O-O Be7
9.Qe2 a6 10.Bb3 b5 11.Rd1 Qc7 12.Bf4 e5 13.Bg5 Be6 14.Rac1 Qd7 15.Rc2 Rd8
16.Rcd2 Qc7 17.Rc1 Na5 18.Bxe6 fxe6 19.b3 b4 20.Bxf6 Bxf6 21.Qxa6 bxc3 22.Rdc2 Rb8
23.Rxc3 Qb6 24.Qd3 O-O 25.a3 d5 26.b4 Nc4 27.R1c2 Rbd8 28.Qe2 d4 29.Rb3 Na5
30.Rd3 Nb7 31.Nd2 Rc8 32.Nb3 Qa6 33.Ra2 Qa4 34.Qg4 Rc6 35.Kh2 Be7 36.Rg3 Rf7
37.Rd2 Bf8 38.h4 Nd8 39.Na5 Rc3 40.Rxc3 dxc3 41.Rxd8 Rf6 42.Nb7 Qxa3 43.Nc5 h5
44.Qg5 c2 45.Nd7 Rf7 46.Nxf8 Rxf8 47.Rd7 Rf7 48.Rd8+ Rf8 49.Rd7 Rf7 50.Qd8+ Kh7
51.Rxf7 c1=Q 52.Rf8 Qa4 53.g4 Kg6 54.Qe7 Qac6 55.Rf7 Qh6 56.g5 Qh8 57.f3 Qce8
58.Rxg7+ Qxg7 59.Qxe8+  1-0

[Event "Gibraltar Masters 2019"]
[Site "Caleta ENG"]
[Date "2019.01.29"]
[Round "8.114"]
[White "Kandic,Mila"]
[Black "Redondo Flores,D"]
[Result "1-0"]
[WhiteElo "2136"]
[BlackElo "1970"]

1.e4 c5 2.Nf3 d6 3.d4 cxd4 4.Nxd4 Nf6 5.Nc3 a6 6.Bc4 e6 7.Bb3 Nbd7 8.Be3 Nc5
9.f3 b5 10.Qd2 Bd7 11.g4 Rc8 12.O-O-O b4 13.Nce2 a5 14.g5 Nh5 15.Kb1 a4 16.Bc4 Nxe4
17.fxe4 Rxc4 18.b3 axb3 19.cxb3 Rc8 20.Qxb4 Rb8 21.Qc4 Rc8 22.Qd3 Qa5 23.Bd2 Qb6
24.Qf3 g6 25.Rhf1 f5 26.gxf6 Kf7 27.Qg2 e5 28.Nf3 h6 29.Rg1 Rg8 30.Bg5 Qc6
31.Rd5 Qc2+ 32.Ka1 Ra8 33.Nxe5+ dxe5 34.Rxd7+ Ke8 35.f7+ Kxd7 36.Qh3+ Kc7
37.Nc3 Rxa2+ 38.Nxa2 Bb4  1-0

[Event "Gibraltar Masters 2019"]
[Site "Caleta ENG"]
[Date "2019.01.29"]
[Round "8.113"]
[White "Hamer,M"]
[Black "Spence,D"]
[Result "0-1"]
[WhiteElo "2046"]
[BlackElo "2143"]

1.d4 e6 2.c4 Nf6 3.Nf3 b6 4.g3 Ba6 5.Qc2 Bb4+ 6.Bd2 Be7 7.e4 d5 8.cxd5 Bxf1
9.Kxf1 exd5 10.e5 Ne4 11.Nc3 Nxc3 12.bxc3 Qd7 13.Kg2 Nc6 14.Rhe1 Qe6 15.Ng1 O-O-O
16.f4 Na5 17.Nf3 Kb7 18.Reb1 h5 19.f5 Qc6 20.h3 Rde8 21.Qd3 f6 22.Qb5 Qxb5
23.Rxb5 c5 24.Re1 Rc8 25.exf6 Bxf6 26.g4 hxg4 27.hxg4 cxd4 28.cxd4 Rc2 29.Kg3 Rxd2
30.g5 Bxg5 31.Nxg5 Rxd4 32.Re7+ Ka6 33.Rb2 Rd3+ 34.Kg4 Nc6 35.Rxg7 Ne5+ 36.Kf4 Nc4
37.Nf7 Rh4+ 38.Kg5 Rg3+  0-1

[Event "Gibraltar Masters 2019"]
[Site "Caleta ENG"]
[Date "2019.01.29"]
[Round "8.112"]
[White "Burke,M"]
[Black "Giulian,P"]
[Result "1-0"]
[WhiteElo "1994"]
[BlackElo "2165"]

1.f4 d5 2.Nf3 g6 3.g3 Bg7 4.Bg2 Nf6 5.O-O b6 6.d3 Bb7 7.Qe1 O-O 8.h3 c5 9.g4 e6
10.c3 Nbd7 11.Na3 a6 12.Nc2 Qe7 13.Qh4 Qd8 14.Qg3 Qe7 15.Bd2 Rae8 16.Rae1 c4
17.Ne5 Nxe5 18.fxe5 Nd7 19.d4 f6 20.exf6 Nxf6 21.Bf4 Ne4 22.Bxe4 dxe4 23.Bd6 Rxf1+
24.Rxf1 Qd7 25.Ne3 b5 26.g5 Rd8 27.Be5 Rf8 28.Bxg7 Qxg7 29.Rxf8+ Qxf8 30.Qc7 Qf7
31.Qb8+ Kg7 32.Qe5+ Kf8 33.Qb8+ Kg7 34.Ng4 Bd5 35.Qe5+ Kf8 36.Nh6 Qg7 37.Qb8+ Ke7
38.Qc7+  1-0

[Event "Gibraltar Masters 2019"]
[Site "Caleta ENG"]
[Date "2019.01.29"]
[Round "8.111"]
[White "Semprun Martinez,F"]
[Black "Vila Dupla,A"]
[Result "1/2-1/2"]
[WhiteElo "2076"]
[BlackElo "2166"]

1.e4 c5 2.Nf3 d6 3.d4 cxd4 4.Nxd4 Nf6 5.Nc3 g6 6.Be3 Bg7 7.f3 O-O 8.Qd2 Nc6
9.O-O-O d5 10.exd5 Nxd5 11.Nxc6 bxc6 12.Bd4 Nxc3 13.Qxc3 Bh6+ 14.Be3 Bxe3+
15.Qxe3 Qb6 16.Qxe7 Be6 17.Qa3 Rad8 18.Bd3 Rd5 19.Rhe1 Ra5 20.Qc3 Rxa2 21.b3 Ra5
22.Bc4 Bxc4 23.Qxc4 Rc5 24.Qd4 Qa5 25.Kb2 Rb8 26.Ra1 Qb6 27.Ra4 Rd8 28.Qf6 Rf5
29.Qc3 Rc5 30.Rc4 Rxc4 31.Qxc4 a5 32.Re7 Rf8 33.h4 Qf2 34.Re2 Qg1 35.Re5 Qxg2
36.Qxc6 Qg3 37.Qe4 a4 38.bxa4 Rb8+ 39.Rb5 Rc8 40.a5 Qc7 41.Qd3 Qc6 42.Qb3 Qf6+
43.Ka2 Rc3 44.Qb2 Qe6+ 45.Kb1 Qe1+ 46.Ka2 Qe6+  1/2-1/2

[Event "Gibraltar Masters 2019"]
[Site "Caleta ENG"]
[Date "2019.01.29"]
[Round "8.110"]
[White "Smith,An"]
[Black "Suez Panama,G"]
[Result "1-0"]
[WhiteElo "2167"]
[BlackElo "2078"]

1.d4 e6 2.c4 d5 3.Nc3 c6 4.e3 f5 5.Qh5+ g6 6.Qe2 Nf6 7.Nh3 Bg7 8.Nf4 Qe7
9.h4 Qf7 10.b3 Ne4 11.Nxe4 fxe4 12.Bb2 Nd7 13.O-O-O b6 14.Kb1 a5 15.Qc2 Bb7
16.Be2 O-O 17.Rh3 Rfd8 18.Rg3 a4 19.h5 axb3 20.axb3 Nf8 21.hxg6 Nxg6 22.Bh5 Ra7
23.Bxg6 hxg6 24.Rxg6 Rda8 25.Rh1 c5 26.Rh5 cxd4 27.Rhg5  1-0

[Event "Gibraltar Masters 2019"]
[Site "Caleta ENG"]
[Date "2019.01.29"]
[Round "8.109"]
[White "Priyanka,Nutakki"]
[Black "Waddington,M"]
[Result "1-0"]
[WhiteElo "2195"]
[BlackElo "2094"]

1.c4 f5 2.Nc3 Nf6 3.g3 g6 4.Bg2 Bg7 5.d3 O-O 6.e4 fxe4 7.dxe4 d6 8.Nge2 e5
9.O-O c5 10.Nd5 Nc6 11.Bg5 Bg4 12.f3 Be6 13.Qd2 Nd4 14.f4 Bxd5 15.exd5 Qd7
16.fxe5 dxe5 17.Nc3 Rae8 18.Bxf6 Rxf6 19.Rxf6 Bxf6 20.Ne4 Be7 21.Rf1 b6 22.Qf2 Qf5
23.Qd2 Qh5 24.b4 cxb4 25.d6 Bd8 26.Qxb4 Rf8 27.Rxf8+ Kxf8 28.d7+ Kg7 29.Qd6 Qf5
30.Qb8 Ne2+ 31.Kh1 Qxd7 32.Qxe5+ Kh6 33.Nf2 Nd4 34.h3 Bc7 35.Qf6 Bxg3 36.Ng4+ Kh5
37.Qf8 Kg5 38.Be4 Nf5 39.Qf6+ Kh5 40.Bf3 Qe7 41.Ne5+ Kh6 42.Ng4+ Kh5 43.Ne3+  1-0

[Event "Gibraltar Masters 2019"]
[Site "Caleta ENG"]
[Date "2019.01.29"]
[Round "8.108"]
[White "Avila Fraire,Ameyalli"]
[Black "Logothetis,S"]
[Result "1-0"]
[WhiteElo "1994"]
[BlackElo "2210"]

1.e4 c5 2.Nf3 e6 3.g3 Nc6 4.Bg2 Nf6 5.Qe2 e5 6.Nc3 d6 7.Nd5 Be7 8.c3 O-O
9.O-O Re8 10.Ne1 Bg4 11.Nxf6+  1-0

[Event "Gibraltar Masters 2019"]
[Site "Caleta ENG"]
[Date "2019.01.29"]
[Round "8.107"]
[White "Lochte,S"]
[Black "Onabogun,K"]
[Result "0-1"]
[WhiteElo "1868"]
[BlackElo "2189"]

1.c4 f5 2.g3 Nf6 3.Bg2 d6 4.Nc3 g6 5.d3 Bg7 6.e3 O-O 7.Nge2 e5 8.O-O Nc6
9.a3 g5 10.f4 gxf4 11.exf4 Kh8 12.Nd5 Ne7 13.Nec3 Ng6 14.Rb1 c6 15.Nxf6 Bxf6
16.Ne2 Be6 17.b3 Rf7 18.Be3 Ne7 19.Kh1 h5 20.d4 e4 21.Kg1 d5 22.c5 Rh7 23.Kf2 h4
24.Rh1 Ng8 25.Ke1 Nh6 26.Kd2 Ng4 27.Bh3 Qa5+ 28.Nc3 Nxe3  0-1

[Event "Gibraltar Masters 2019"]
[Site "Caleta ENG"]
[Date "2019.01.29"]
[Round "8.106"]
[White "Torres,Federico"]
[Black "Cramling Bellon,Anna"]
[Result "1-0"]
[WhiteElo "2196"]
[BlackElo "2025"]

1.e4 c5 2.Nf3 Nc6 3.d3 g6 4.g3 Bg7 5.Bg2 e5 6.O-O Nge7 7.c3 d6 8.a3 O-O 9.Nbd2 a5
10.a4 h6 11.Re1 Be6 12.Nc4 f5 13.exf5 gxf5 14.Nh4 Kh7 15.Qe2 Qc7 16.f4 Rae8
17.Be3 Nd5 18.Bd2 Nf6 19.Bxc6 bxc6 20.Nxd6 Qxd6 21.fxe5 Qd7 22.exf6 Rxf6
23.Rad1 Bb3 24.Qxe8 Qxe8 25.Rxe8 Bxd1 26.Bf4 Bxa4 27.Re7 Kg8 28.Be5 Rf7 29.Rxf7 Kxf7
30.Bxg7 Kxg7 31.Nxf5+ Kg6 32.Nd6 Bc2 33.Nb7 Bxd3 34.Nxa5 Be4 35.Kf2 Kf6 36.Ke3 Bd5
37.c4 Bf7 38.b3 Be8 39.Kf4 Bd7 40.Nb7 Bf5 41.Nxc5 Bh3 42.g4 Ke7 43.Nd3 Bf1
44.Ke3 Kd6 45.Nf4 Ke5 46.h4 c5 47.g5 hxg5 48.hxg5 Kf5 49.g6 Kf6 50.Kf2  1-0

[Event "Gibraltar Masters 2019"]
[Site "Caleta ENG"]
[Date "2019.01.29"]
[Round "8.105"]
[White "Warakomska,A"]
[Black "Veltkamp,G"]
[Result "1-0"]
[WhiteElo "2209"]
[BlackElo "2117"]

1.e4 e5 2.Nf3 Nc6 3.Bb5 g6 4.O-O Bg7 5.c3 a6 6.Ba4 Nge7 7.d4 exd4 8.cxd4 b5
9.Bb3 d6 10.h3 O-O 11.Nc3 Na5 12.Bc2 c5 13.b3 b4 14.Ne2 Bd7 15.Rb1 Bb5 16.Be3 Nb7
17.Bd3 Qa5 18.dxc5 dxc5 19.Bxb5 Qxb5 20.Qc2 Rac8 21.Rfd1 Rfd8 22.Rbc1 Rxd1+
23.Rxd1 h6 24.Qc4 Qc6 25.Bf4 Rd8 26.Rxd8+ Nxd8 27.Be3 Nb7 28.Nf4 Bf8 29.Nd3 Nd6
30.Qxc5 Nxe4 31.Qe5 Qd5 32.Nxb4 Qd1+ 33.Kh2 Nc6 34.Qxe4 Nxb4 35.Bd4 Nc2 36.Bc3 Bd6+
37.g3 Kh7 38.Ne5 Bxe5 39.Qxe5  1-0

[Event "Gibraltar Masters 2019"]
[Site "Caleta ENG"]
[Date "2019.01.29"]
[Round "8.117"]
[White "Kozarcanin,S"]
[Black "Giulian,R"]
[Result "1/2-1/2"]
[WhiteElo "2048"]
[BlackElo "1908"]

1.b3 e5 2.Bb2 Nc6 3.e3 Nf6 4.Bb5 Bd6 5.Bxc6 dxc6 6.d3 O-O 7.Nd2 Bg4 8.Ne2 Re8
9.e4 a5 10.a4 Bb4 11.h3 Bh5 12.O-O Bxd2 13.Qxd2 Nxe4 14.Qe3 Bxe2 15.Qxe2 Nd6
16.f4 e4 17.Qg4 f6 18.dxe4 Rxe4 19.Rae1 Qc8 20.Qh5 Qe8 21.Qh4 Rxe1 22.Rxe1 Qf7
23.Re2 Re8 24.Rxe8+ Qxe8 25.Qf2 b6 26.f5 Qe4 27.g4 Qd5 28.Qe2 Qe4 29.Qxe4 Nxe4
30.Kg2 Kf7 31.Kf3 Nd6 32.Kf4 g6 33.h4 gxf5 34.gxf5 h5 35.c4 c5 36.Bc3 c6
37.Bd2 Ke7 38.Be3 Kd7 39.Bd2 Ke7 40.Be3 Kd7 41.Bd2  1/2-1/2

[Event "Gibraltar Masters 2019"]
[Site "Caleta ENG"]
[Date "2019.01.29"]
[Round "8.116"]
[White "Verneuil,P"]
[Black "Teh,Wee Zhun"]
[Result "1/2-1/2"]
[WhiteElo "2114"]
[BlackElo "1818"]

1.e4 e5 2.Nf3 Nf6 3.Nxe5 d6 4.Nf3 Nxe4 5.Bd3 Nf6 6.O-O Be7 7.c3 O-O 8.h3 b6
9.Bc2 Bb7 10.d4 Re8 11.Re1 Bf8 12.Be3 Nbd7 13.Nbd2 Nd5 14.Nf1 Nxe3 15.Nxe3 c5
16.Bb3 h6 17.Nd5 Rxe1+ 18.Qxe1 Nf6 19.c4 Rc8 20.Rc1 a6 21.a4 Nxd5 22.cxd5 Qf6
23.Qe4 g6 24.Re1 Rc7 25.dxc5 Re7 26.Qd3 Rxe1+ 27.Nxe1 bxc5 28.Qc3 Qxc3 29.bxc3 Bg7
30.c4 h5 31.h4 Bc8 32.Kf1 Bg4 33.Bc2 Bf6 34.g3 Kf8 35.f3 Be5 36.Kf2 Ke7 37.Ng2 Bd4+
38.Ne3 Bd7 39.Ke2 Bf6 40.f4 Bd4 41.Kf3 f5 42.Ke2 Kd8 43.Kd3 Ke7 44.a5 Ke8
45.Nf1 Bf6 46.Nd2 Bd8 47.Nb3 Ba4 48.Kd2 Bf6 49.Nc1 Bd7 50.Bd1 Bd4 51.Ne2 Bb2
52.Nc3 Ba3 53.Na2 Bb2 54.Nc3  1/2-1/2

[Event "Gibraltar Masters 2019"]
[Site "Caleta ENG"]
[Date "2019.01.29"]
[Round "8.102"]
[White "Bliumberg,V"]
[Black "Baert,A"]
[Result "1-0"]
[WhiteElo "2253"]
[BlackElo "2147"]

1.e4 c5 2.Nc3 Nc6 3.f4 g6 4.Nf3 Bg7 5.g3 d6 6.Bg2 e6 7.O-O Nge7 8.d3 O-O
9.Be3 Nd4 10.Qd2 b6 11.Nd1 Ba6 12.g4 d5 13.Bxd4 cxd4 14.e5 Nc6 15.g5 b5 16.Nf2 Qb6
17.Nh1 Rfc8 18.Ng3 Rc7 19.h4 Rac8 20.Rac1 b4 21.h5 Qa5 22.hxg6 hxg6 23.Ne2 Bf8
24.b3 Qb6 25.Nh2 Bg7 26.Ng4 Ne7 27.Ng3 Rc3 28.Nf6+ Bxf6 29.gxf6 Nf5 30.Nxf5 exf5
31.Bxd5 Qc5 32.Qh2 Rd8 33.Qh6 Qf8 34.Qxg6+  1-0

[Event "Gibraltar Masters 2019"]
[Site "Caleta ENG"]
[Date "2019.01.29"]
[Round "8.101"]
[White "Jaksland,T"]
[Black "Burrows,M"]
[Result "0-1"]
[WhiteElo "2264"]
[BlackElo "2156"]

1.Nf3 Nf6 2.c4 e6 3.g3 d5 4.b3 dxc4 5.bxc4 e5 6.Bb2 e4 7.Ng1 Bf5 8.Bg2 Nc6
9.Nc3 Bc5 10.Qa4 O-O 11.Nh3 Re8 12.Nf4 Bxf2+ 13.Kxf2 Qxd2 14.Nd1 e3+ 15.Kf1 Bc2
16.Qa3 Bxd1 17.Bc3 Qd7 18.Bxf6 gxf6 19.Nd5 Qf5+ 20.Bf3 Bxe2+  0-1

[Event "Gibraltar Masters 2019"]
[Site "Caleta ENG"]
[Date "2019.01.29"]
[Round "8.100"]
[White "Chinguun,Sumiya"]
[Black "Pakosta,M"]
[Result "1-0"]
[WhiteElo "2286"]
[BlackElo "2166"]

1.e4 d6 2.d4 Nf6 3.Nc3 g6 4.Be3 Bg7 5.Qd2 Ng4 6.Bg5 h6 7.Bh4 g5 8.Bg3 e5
9.Nf3 exd4 10.Nxd4 Nc6 11.Nf3 Be6 12.h4 Nge5 13.hxg5 Nxf3+ 14.gxf3 hxg5 15.Rxh8+ Bxh8
16.O-O-O a6 17.Nd5 Ne5 18.f4 gxf4 19.Bh4 Qd7 20.Qxf4 Ng6 21.Qh6 Bxd5 22.exd5 Qg4
23.Re1+ Kd7 24.Qe3 Bd4 25.Qxd4 Qxh4 26.Re4 Qh1 27.Re1 Re8 28.Bb5+  1-0

[Event "Gibraltar Masters 2019"]
[Site "Caleta ENG"]
[Date "2019.01.29"]
[Round "8.99"]
[White "Cholleti,S"]
[Black "Tate,A"]
[Result "1/2-1/2"]
[WhiteElo "2122"]
[BlackElo "2335"]

1.Nf3 d5 2.d4 Nf6 3.c4 e6 4.g3 Bb4+ 5.Bd2 Bd6 6.Bg5 Nbd7 7.Nc3 h6 8.Bxf6 Nxf6
9.c5 Be7 10.Ne5 Nd7 11.Nd3 c6 12.f4 b6 13.b4 bxc5 14.bxc5 Qa5 15.Rc1 Ba6
16.e3 Rb8 17.Qa4 Qxa4 18.Nxa4 Bd8 19.Kd2 Ba5+ 20.Kc2 Ke7 21.Nab2 Rhe8 22.Rb1 Rb7
23.h3 f6 24.g4 Bb5 25.Nf2 Reb8 26.Bxb5 Rxb5 27.Nbd3 Rxb1 28.Rxb1 Rxb1 29.Kxb1 e5
30.Kc2 Bc7 31.f5 Nb8 32.a3  1/2-1/2

[Event "Gibraltar Masters 2019"]
[Site "Caleta ENG"]
[Date "2019.01.29"]
[Round "8.98"]
[White "Nikolaidis,K"]
[Black "De Haan,E"]
[Result "0-1"]
[WhiteElo "2167"]
[BlackElo "2337"]

1.e4 c5 2.Nf3 e6 3.d4 cxd4 4.Nxd4 Nc6 5.Nc3 Qc7 6.Be3 a6 7.Qf3 Nf6 8.O-O-O Ne5
9.Qg3 b5 10.f3 b4 11.Na4 d6 12.Nb3 Rb8 13.Qf2 Bd7 14.Nb6 Bb5 15.h3 Be7 16.g4 O-O
17.g5 Nfd7 18.Nxd7 Nxd7 19.Kb1 Bxf1 20.Rdxf1 a5 21.h4 a4 22.Nd4 Ne5 23.Bc1 Rfc8
24.h5 Nc4 25.Ka1 d5 26.g6 Bf6 27.gxf7+ Qxf7 28.exd5 exd5 29.Rd1 Qa7 30.Rh2 b3
31.cxb3 axb3 32.Nxb3 Qa4 33.Qe2 Ra8  0-1

[Event "Gibraltar Masters 2019"]
[Site "Caleta ENG"]
[Date "2019.01.29"]
[Round "8.97"]
[White "Hosek,Ma"]
[Black "Hoolt,S"]
[Result "1-0"]
[WhiteElo "2153"]
[BlackElo "2358"]

1.d4 d6 2.c4 e5 3.d5 g6 4.e4 Bg7 5.Nc3 a5 6.Bd3 Na6 7.Be3 Nf6 8.f3 Nd7 9.Nge2 Ndc5
10.Bc2 f5 11.a3 f4 12.Bf2 Rb8 13.Rb1 O-O 14.b4 axb4 15.axb4 Nd7 16.h4 Nf6
17.Nc1 c5 18.dxc6 bxc6 19.Nd3 c5 20.bxc5 Rxb1 21.Qxb1 Qa5 22.Qb2 Nxc5 23.Nxc5 dxc5
24.Ke2 Be6 25.Bd3 Ra8 26.Rb1 Nh5 27.Nd5 Ng3+ 28.Kd1 Bd7 29.Be1 Ba4+ 30.Bc2 Bxc2+
31.Qxc2 Qd8 32.Qf2 Bf8 33.Qb2 Bd6 34.Qb6 Qb8 35.Qxb8+ Rxb8 36.Rxb8+ Bxb8
37.Nf6+ Kg7 38.Nd7 Bd6 39.Bf2 Kf7 40.Bxc5 Ke7 41.Bxd6+ Kxd6 42.Nf8 Nf1 43.Ke2 Ne3
44.g3 Nxc4 45.gxf4 exf4 46.Nxh7 Ke7 47.Ng5 Ne3 48.Nh3 Ng2 49.h5 gxh5 50.Kf2 Ne3
51.Nxf4 Nd1+ 52.Ke2 Nb2 53.Nxh5 Kd6 54.f4 Kc5 55.Kf3 Nc4 56.Ng3 Kd6 57.Kg4 Ke6
58.Kg5 Nd6 59.Kg6 Ne8 60.Nf5 Nf6 61.Nd4+ Ke7 62.e5 Ng4 63.Kg5 Nf2 64.f5 Kf7
65.e6+ Kg7 66.f6+ Kf8 67.Kg6 Ng4 68.e7+  1-0

[Event "Gibraltar Masters 2019"]
[Site "Caleta ENG"]
[Date "2019.01.29"]
[Round "8.96"]
[White "Arakhamia-Grant,K"]
[Black "Movileanu,Daniela"]
[Result "1/2-1/2"]
[WhiteElo "2372"]
[BlackElo "2174"]

1.e4 c5 2.Nf3 e6 3.d4 cxd4 4.Nxd4 Nf6 5.Nc3 Nc6 6.Ndb5 Bc5 7.Nd6+ Ke7 8.Nxc8+ Rxc8
9.Bd3 Qc7 10.O-O h5 11.Bg5 Kf8 12.Qd2 Ng4 13.Bf4 Nce5 14.Be2 g5 15.Bg3 h4
16.Bxe5 Nxe5 17.Qxg5 a6 18.Kh1 Ng6 19.f4 Be3 20.e5 h3 21.g3 Qb6 22.Rad1 Qxb2
23.Ne4 Qxc2 24.Bf3 Rc7 25.Nd6 Ne7 26.Be4 Qxa2 27.Ra1 Qd2 28.Rad1 Qa2 29.Ra1 Qd2
30.Rad1 Qa2  1/2-1/2

[Event "Gibraltar Masters 2019"]
[Site "Caleta ENG"]
[Date "2019.01.29"]
[Round "8.95"]
[White "Weisbuch,U"]
[Black "Martinez Martin,D"]
[Result "1-0"]
[WhiteElo "2172"]
[BlackElo "2416"]

1.e4 c5 2.Nf3 d6 3.Bb5+ Bd7 4.Bxd7+ Qxd7 5.c4 e5 6.O-O Be7 7.Nc3 Bd8 8.d3 Ne7
9.Nd5 O-O 10.Bd2 Nbc6 11.a3 Nxd5 12.cxd5 Ne7 13.b4 cxb4 14.axb4 Ng6 15.Qa4 Qg4
16.h3 Qh5 17.Qd7 f5 18.Qxd6 Rf6 19.Qd7 Bb6 20.Rac1 Nf8 21.Rc8 Rf7 22.Qe6 Bd8
23.Qxf7+ Kxf7 24.Rxa8 fxe4 25.dxe4 Bb6 26.g4  1-0

[Event "Gibraltar Masters 2019"]
[Site "Caleta ENG"]
[Date "2019.01.29"]
[Round "8.94"]
[White "Repka,C"]
[Black "Carreto Nieto,G"]
[Result "1-0"]
[WhiteElo "2491"]
[BlackElo "2174"]

1.d4 Nf6 2.Nf3 e6 3.Bf4 c5 4.e3 b6 5.Nc3 cxd4 6.Nb5 d6 7.Qxd4 Nd5 8.Qa4 Bd7
9.Bxd6 a6 10.Bxf8 axb5 11.Qxa8 Rxf8 12.O-O-O Qc7 13.Rxd5 exd5 14.Qxd5 Qc5
15.Qe4+ Be6 16.Nd4  1-0

[Event "Gibraltar Masters 2019"]
[Site "Caleta ENG"]
[Date "2019.01.29"]
[Round "8.93"]
[White "Chen,Jonathan"]
[Black "Aguilar,A"]
[Result "0-1"]
[WhiteElo "1884"]
[BlackElo "2307"]

1.d4 Nf6 2.c4 g6 3.Nc3 Bg7 4.e4 d6 5.Nf3 O-O 6.h3 e5 7.dxe5 dxe5 8.Qxd8 Rxd8
9.Bg5 c6 10.Nxe5 Re8 11.O-O-O Na6 12.Nf3 Nc5 13.Nd2 h6 14.Be3 Nfxe4 15.Ndxe4 Nxe4
16.Nxe4 Rxe4 17.Rd8+ Kh7 18.Bd3 Re6 19.Bc2 Bf6 20.Rd2 Re8 21.Rhd1 Be6 22.Bd3 h5
23.Be2 h4 24.Rc2 Be5 25.b3 a5 26.Bg5 a4 27.b4 a3 28.Bg4 f5 29.Be2 Ra4 30.Bd2 Bd4
31.Be1 c5 32.b5 f4 33.Bd3 f3 34.gxf3 Bxh3 35.Bd2 Bg2 36.Bf4 h3 37.Bg3 Bb2+
38.Kd2 Bxf3 39.Rg1 Raa8 40.Bf4 Rad8 41.Rg3 Re2+ 42.Kd1 Rxd3+ 43.Rd2 Rexd2+  0-1

[Event "Gibraltar Masters 2019"]
[Site "Caleta ENG"]
[Date "2019.01.29"]
[Round "8.92"]
[White "Gutierrez Olivares,D"]
[Black "Osuna Vega,E"]
[Result "1-0"]
[WhiteElo "2320"]
[BlackElo "2116"]

1.c4 Nf6 2.Nf3 g6 3.e3 Bg7 4.d4 c5 5.d5 d6 6.h3 b5 7.cxb5 a6 8.Nc3 O-O 9.Be2 axb5
10.Nxb5 Bb7 11.Nc3 Nbd7 12.O-O Ba6 13.e4 Nb6 14.Re1 Nfd7 15.Qc2 Qb8 16.b3 Bxe2
17.Rxe2 c4 18.b4 Na4 19.Bd2 Qxb4 20.Rb1 Qa5 21.Nxa4 Qxa4 22.Bg5 Nf6 23.Rb7 Rfe8
24.Qb1 c3 25.Rb4 Qa6 26.Rc2 Qd3 27.Rd4 Qa6 28.Rxc3 Qxa2 29.Qxa2 Rxa2 30.Rc7 Ra1+
31.Kh2 Raa8 32.Rdc4 Rad8 33.Nd4 h6 34.Be3 Rd7 35.Rxd7 Nxd7 36.Rc7 Nf6 37.f3 Kf8
38.Nc6 Ng8 39.f4 e6 40.e5 dxe5 41.Bc5+  1-0

[Event "Gibraltar Masters 2019"]
[Site "Caleta ENG"]
[Date "2019.01.29"]
[Round "8.91"]
[White "Goriatchkin,J"]
[Black "Crespo,E"]
[Result "1-0"]
[WhiteElo "2325"]
[BlackElo "2169"]

1.d4 Nf6 2.c4 e6 3.Nc3 Bb4 4.Bd2 d5 5.e3 O-O 6.Nf3 c5 7.cxd5 exd5 8.dxc5 Bxc5
9.Be2 Nc6 10.Na4 Be7 11.Bc3 Ne4 12.O-O Rb8 13.Bd4 Bf5 14.Rc1 Qa5 15.a3 Nxd4
16.Nxd4 Bd7 17.Nc3 Rbc8 18.Nxe4 dxe4 19.Rxc8 Rxc8 20.Bg4 Rc7 21.Bxd7 Rxd7
22.Qc2 Qd5 23.Rd1 g6 24.h3 Bc5 25.Rd2 Bf8 26.Nf3 Qe6 27.Rxd7 Qxd7 28.Qxe4 Qd1+
29.Kh2 Qe2 30.Qe8 Qxf2 31.b4 Qc2 32.e4 Qc4 33.e5 Qf4+ 34.Kg1 a5 35.bxa5 Qc1+
36.Kh2 Qf4+ 37.Kg1 Qc1+ 38.Kh2 Qxa3 39.Qb5 Qb4 40.Qd5 Kg7 41.h4 Bc5 42.g3 Qxa5
43.Qxb7 Qa2+ 44.Kh3 Be3 45.Qe4 Qf2 46.e6 fxe6 47.Qe5+ Kh6 48.Nh2 Qf5+ 49.Ng4+ Kh5
50.Qxf5+ exf5 51.Nxe3 h6 52.Nd5 g5 53.Ne7 gxh4 54.gxh4 f4 55.Nd5 f3 56.Nf4+  1-0

[Event "Gibraltar Masters 2019"]
[Site "Caleta ENG"]
[Date "2019.01.29"]
[Round "8.104"]
[White "Hng,Mei-En Emmanuelle"]
[Black "Abdulraheem,Abdulrahman Akintoye"]
[Result "0-1"]
[WhiteElo "2071"]
[BlackElo "2224"]

1.e4 e5 2.Nf3 Nc6 3.Bb5 Bc5 4.O-O Qf6 5.c3 Nge7 6.d4 exd4 7.Bg5 Qg6 8.Bxe7 Nxe7
9.cxd4 Bb6 10.Nc3 a6 11.Bd3 Qh6 12.e5 O-O 13.Qb3 d6 14.exd6 Qxd6 15.Ne4 Qf4
16.Neg5 Bf5 17.g3 Qd6 18.Bc4 Qf6 19.h4 Nc6 20.Bxf7+ Rxf7 21.Ne5 Bg6 22.Nxg6 Qxg6
23.Nxf7 Qxf7 24.Qxf7+ Kxf7 25.d5 Nd4 26.Kg2 Rd8 27.Rad1 Rxd5 28.Rfe1 Rd6
29.Re4 c5 30.Rde1 Re6 31.Rf4+ Ke7 32.Re3 Rxe3 33.fxe3 Ne6 34.Rf5 g6 35.Rd5 Nc7
36.Rd1 Nb5 37.Kf3 Ke6 38.g4 Nd6 39.a4 Nc4 40.b3 Ne5+ 41.Kf4 Bc7 42.g5 Nf7+
43.Kf3 Nd6 44.Rh1 b5 45.axb5 axb5 46.h5 Nf7 47.hxg6 hxg6 48.Kg4 c4 49.bxc4 bxc4
50.Rf1 Be5 51.Rb1 c3 52.Rb6+ Nd6 53.e4 Bd4 54.Rb1 Be3  0-1

[Event "Gibraltar Masters 2019"]
[Site "Caleta ENG"]
[Date "2019.01.29"]
[Round "8.90"]
[White "Povah,N"]
[Black "Bopp,T"]
[Result "1-0"]
[WhiteElo "2329"]
[BlackElo "2171"]

1.d4 d5 2.Bf4 c5 3.e3 Nc6 4.c3 Nf6 5.Nd2 Bf5 6.Ngf3 e6 7.Qb3 Qc8 8.c4 Be7
9.Rc1 O-O 10.dxc5 Rd8 11.Nd4 Bxc5 12.Nxf5 exf5 13.cxd5 Bb4 14.Bc4 Ne4 15.dxc6 Bxd2+
16.Ke2 bxc6 17.Bxf7+ Kh8 18.Rc2 Qa6+ 19.Qc4 Qa5 20.a3 Nd6 21.Bxd6 Rxd6 22.Rd1  1-0

[Event "Gibraltar Masters 2019"]
[Site "Caleta ENG"]
[Date "2019.01.29"]
[Round "8.88"]
[White "Krishna Teja,N"]
[Black "Whatley,Stephen A J"]
[Result "1-0"]
[WhiteElo "2371"]
[BlackElo "2171"]

1.d4 Nf6 2.c4 c5 3.d5 b5 4.Nf3 g6 5.cxb5 a6 6.b6 d6 7.Nc3 Bg7 8.e4 O-O 9.a4 Qxb6
10.a5 Qd8 11.Be2 Nbd7 12.O-O Rb8 13.Nd2 Ne8 14.Nc4 Nc7 15.Na4 f5 16.exf5 gxf5
17.Ra3 Nf6 18.Ncb6 e5 19.dxe6 Bxe6 20.Rd3 Qe7 21.Rxd6 Ne4 22.Bf4 Rbe8 23.Rc6  1-0

[Event "Gibraltar Masters 2019"]
[Site "Caleta ENG"]
[Date "2019.01.29"]
[Round "8.87"]
[White "Bianco,V"]
[Black "Sidhant,M"]
[Result "1/2-1/2"]
[WhiteElo "2018"]
[BlackElo "2344"]

1.d4 Nf6 2.c4 e6 3.Nc3 Bb4 4.e3 O-O 5.Bd2 b6 6.Nf3 Bb7 7.Bd3 d6 8.O-O Nbd7
9.a3 Bxc3 10.Bxc3 Ne4 11.Bxe4 Bxe4 12.Qe2 f5 13.Nd2 Bb7 14.e4 f4 15.f3 e5
16.dxe5 dxe5 17.Rfd1 Qe7 18.b4 c5 19.b5 Rf6 20.a4 a5 21.bxa6 Rxa6 22.a5 Nb8
23.Nb3 Nc6 24.axb6 Rxb6 25.Na5 Nd4 26.Bxd4 exd4 27.Rdb1 Ba6 28.Qc2 Qd8 29.Nb3 Qc7
30.Nd2 h6 31.h3 Rg6 32.Rxb6 Qxb6 33.e5 Rg5 34.Qe4 Qg6 35.g4 Qxe4 36.Nxe4 Bxc4
37.Nxg5 hxg5 38.Rc1 d3 39.Kf2 Bb3 40.Ke1 c4 41.Kd2 Kf7 42.Ra1 Ke6 43.Ra5 Bc2
44.Rc5 Bb3 45.Rc7 Kxe5 46.Rxg7 Kd4 47.Rd7+ Ke5 48.Re7+ Kf6 49.Re4 Kg6 50.Re5 Ba4
51.Rc5 Bb3 52.h4 gxh4 53.Rh5 Ba4 54.Rxh4 Bc6 55.Rh5  1/2-1/2